<?xml version="1.0" encoding="UTF-8"?>
<record
    xmlns:xsi="http://www.w3.org/2001/XMLSchema-instance"
    xsi:schemaLocation="http://www.loc.gov/MARC21/slim http://www.loc.gov/standards/marcxml/schema/MARC21slim.xsd"
    xmlns="http://www.loc.gov/MARC21/slim">

  <leader>010420000a22001090004500</leader>
  <datafield tag="100" ind1="1" ind2=" ">
    <subfield code="a">Gallazzi, Sandro</subfield>
  </datafield>
  <datafield tag="245" ind1="1" ind2="0">
    <subfield code="a">Exterminar&#xE9; de la tierra a los profetas (Za 13,2)</subfield>
  </datafield>
  <datafield tag="300" ind1=" " ind2=" ">
    <subfield code="a">Num. 35-36 (2000), P&#xE1;ginas 215-224</subfield>
  </datafield>
  <datafield tag="520" ind1=" " ind2=" ">
    <subfield code="a">La desaparici&#xF3;n de los profetas continuar&#xE1; siendo un enigma sin soluciones definitivas. Este ensayo, a partir de los cap&#xED;tulos 9-14 del libro de Zacar&#xED;as, intenta encontrar alguna pista que pueda ayudar a entender qu&#xE9; puede haber ocurrido. El primer paso es identificar los conflictos presentes en el texto y,  para encontrar su ra&#xED;z m&#xE1;s profunda, compararlos con los conflictos que se generan con el final  del exilio en Babilonia, &#xE9;poca del primer Zacar&#xED;as (1-8). En esta perspectiva, vale dejar en claro que la profec&#xED;a no agot&#xF3; su misi&#xF3;n ni perdi&#xF3; su fuerza, hasta desaparecer. Ella fue duramente silenciada por la poderosa estructura hierocr&#xE1;tica del templo sadoquita. Lo mismo aconteci&#xF3; con Jes&#xFA;s de Nazaret.</subfield>
  </datafield>
  <datafield tag="773" ind1="0" ind2=" ">
    <subfield code="t">Revista de Interpretaci&#xF3;n B&#xED;blica Latinoamericana</subfield>
  </datafield>
  <datafield tag="942" ind1=" " ind2=" ">
    <subfield code="c">ANA</subfield>
  </datafield>
  <datafield tag="952" ind1=" " ind2=" ">
    <subfield code="0">0</subfield>
    <subfield code="1">0</subfield>
    <subfield code="4">0</subfield>
    <subfield code="7">0</subfield>
    <subfield code="8">HEM</subfield>
    <subfield code="a">FUSBC</subfield>
    <subfield code="b">FUSBC</subfield>
    <subfield code="d">2016-01-26</subfield>
    <subfield code="l">0</subfield>
    <subfield code="o"> </subfield>
    <subfield code="r">2016-01-26 00:00:00</subfield>
    <subfield code="w">2016-01-26</subfield>
    <subfield code="y">ANA</subfield>
  </datafield>
  <datafield tag="999" ind1=" " ind2=" ">
    <subfield code="c">52562</subfield>
    <subfield code="d">52562</subfield>
  </datafield>
</record>
